| 000 | 00586nam a2200205Ia 4500 | ||
|---|---|---|---|
| 008 | 180523s9999 xx 000 0 und d | ||
| 020 | _a81-7179-863-2 | ||
| 050 | _aMAIN RM 721 | ||
| 050 | _b.S56 2001 | ||
| 100 | _aGourang Sinha, Akhoury. | ||
| 245 | 0 | _aPrinciples and practices of therapeutic massage / | |
| 245 | 0 | _cAkhoury Gourang Sinha. | |
| 260 | _aNew Delhi : | ||
| 260 | _bJaypee Brothers Medical Publishers, | ||
| 260 | _c2001 | ||
| 300 | _a165 pages : | ||
| 300 | _billustrations ; | ||
| 300 | _c24 cm. | ||
| 500 | _aIncludes bibliographical references and index. | ||
| 999 |
_c357667 _d357667 |
||